000 00204nam a2200109Ia 4500
100 _aBICKELMANN/URSULA.
942 _cBK
245 _aARTISTS TODAY.
260 _b#N/A
546 _aENGLISH
999 _c34572
_d34572